Carta de Alonso de Ortiz al Obispo Manuel Fernández de Santa Cruz, para mostrar ssu satisfacción por la recuperación del señor Mateo, y para agradecerle los favores recibidos para con su sucesor

Detalles Bibliográficos
Otros Autores: Alonso Ortiz
Formato: Libro
Publicado: México, 1678
Materias:
Colección:Banco de datos
Acervo:Biblioteca Palafoxiana. Colección de Manuscritos
Descripción Física:1 f. ; 21 x 31 cm.
Tema general:Eclesiástica
LEADER 00535nam a22001450004500
035 |a 4207 
245 1 0 |a Carta de Alonso de Ortiz al Obispo Manuel Fernández de Santa Cruz, para mostrar ssu satisfacción por la recuperación del señor Mateo, y para agradecerle los favores recibidos para con su sucesor 
260 |a México, 1678 
300 |a 1 f. ; 21 x 31 cm. 
650 1 0 |a Eclesiástica 
700 1 |a Alonso Ortiz 
949 |a R496/391 
942 |c PALAMANU 
943 |g Biblioteca Palafoxiana. Colección de Manuscritos 
999 |c 1072152  |d 1072152